MDQL
is popping MORE tags! Check the
thread
!
Quizzes
Events
Quiz Creation
Community
Videos
Private Events
Remove Ads
Sign In
Join for FREE
Feedback
Dark Mode
Quiz Categories
Sports
Geography
Music
Movies
Television
Just For Fun
Miscellaneous
History
Literature
Language
Science
Gaming
Entertainment
Religion
Holiday
For Kids
Quiz Lab
Recent
Popular Today
Quiz Kudos Today
Editor Picks
Curator Picks
Quizzes by...
Day
Popularity
Type
Ratings
Length
Year
Community
Subscriptions
Recent Discussions
Orange Saloon
Badges
Playlists
Quests
Create
Leaderboards
Showdown
Live 5
Trivia Bingo
Activity
Puzzle Library
Sporcle Events
Private Events
Virtual Trivia
Globe League
Become a Host
Pub Owners
SporcleCon
Opinionation
Our Games
Videos
Blog
Mobile Apps
Partnerships
Remove Ads and Go Orange
Feedback
Movies
Disney
Marvel Cinematic Universe
Movie Resume
Movie Titles
Oscar
Actor
Actress
Director
Pixar
Role
Movie Quotes
Movie Characters
Box Office
Nominee
Best Picture
Star Wars
James Bond
Horror Movies
Movies
Disney
Marvel Cinematic Universe
Movie Resume
Movie Titles
Oscar
Actor
Actress
Director
Pixar
Role
Movie Quotes
Movie Characters
Box Office
Nominee
Best Picture
Star Wars
James Bond
Horror Movies
Random Quiz
Search Sporcle
×
Quiz Lab
Quiz Lab
Movies
Nominee
Type in answers that appear in a list
Type in answers that appear in a list
Classic
Best Score? Go Orange.
SAG Best Supporting Actress Nominees Stats
Can you name the SAG Best Supporting Actress Nominees?
By
kj315
12m
95 Questions
259 Plays
259 Plays
259 Plays
Comments
Comments
Give Quiz Kudos
Give Quiz Kudos
-
- Ratings
hide this ad
Replay
Link that replays current quiz
Next Quiz
Link to next quiz in quiz playlist
You Got
0%
They Got
Avg Score
80%
Avg Friend Score
Upgrade to see
Score Distribution
Jump to the score distribution portion of the page
Score
0/95
Timer
12:00
0
Plays Today
Year
Actress
% Correct
2012*
Anne Hathaway
100%
2012
Sally Field
99.3%
1995*
Kate Winslet
98.8%
2000
Kate Winslet
98.8%
2001
Cate Blanchett
98.8%
2002*
Catherine Zeta-Jones
98.8%
2004*
Cate Blanchett
98.8%
2006
Cate Blanchett
98.8%
2007
Cate Blanchett
98.8%
2008
Penélope Cruz
98.8%
2008*
Kate Winslet
98.8%
2009
Penélope Cruz
98.8%
1996
Renée Zellweger
98.5%
2000
Kate Hudson
98.5%
2003*
Renée Zellweger
98.5%
2006*
Jennifer Hudson
98.5%
1994
Uma Thurman
98.1%
1994
Sally Field
97.7%
2005
Amy Adams
97.3%
2008
Amy Adams
97.3%
2010
Amy Adams
97.3%
2010
Helena Bonham Carter
97.3%
1997
Julianne Moore
96.9%
1999
Julianne Moore
96.9%
2002
Julianne Moore
96.9%
1999*
Angelina Jolie
95.8%
1998*
Kathy Bates
95.4%
2002
Kathy Bates
95.4%
1997*
Kim Basinger
95%
2010
Mila Kunis
95%
1998
Judi Dench
94.6%
1999
Cameron Diaz
94.6%
Year
Actress
% Correct
2000*
Judi Dench
94.6%
2001
Judi Dench
94.6%
2001
Cameron Diaz
94.6%
2005
Michelle Williams
94.6%
1994
Robin Wright Penn
93.4%
2010*
Melissa Leo
93.4%
2009*
Mo'Nique
93.1%
2012
Maggie Smith
92.5%
2008
Viola Davis
91.9%
1997
Minnie Driver
91.1%
1996
Juliette Binoche
90.7%
2000
Frances McDormand
90.7%
2002
Queen Latifah
90.7%
2005
Frances McDormand
90.7%
2007
Tilda Swinton
90.3%
2012
Helen Hunt
89.7%
2009
Vera Farmiga
89.6%
2012
Nicole Kidman
89%
2005*
Rachel Weisz
87.6%
2011
Melissa McCarthy
87.3%
1994
Jamie Lee Curtis
86.9%
2006
Abigail Breslin
86.9%
2011*
Octavia Spencer
86.9%
1995
Mira Sorvino
86.5%
2001*
Helen Mirren
86.1%
2009
Anna Kendrick
86.1%
1994*
Dianne Wiest
85.7%
2003
Holly Hunter
84.6%
2004
Laura Linney
84.6%
1999
Catherine Keener
82.6%
2005
Catherine Keener
82.6%
2007
Catherine Keener
82.6%
Year
Actress
% Correct
2004
Virginia Madsen
79.5%
1999
Chloë Sevigny
78.8%
2010
Hailee Steinfeld
78%
2007*
Ruby Dee
77.6%
2011
Jessica Chastain
77.6%
2008
Taraji P. Henson
77.2%
2007
Amy Ryan
76.1%
2003
Keisha Castle-Hughes
75.7%
1997*
Gloria Stuart
75.3%
2003
Patricia Clarkson
71.8%
2011
Bérénice Bejo
71.4%
2011
Janet McTeer
71%
2002
Michelle Pfeiffer
70.7%
2001
Dakota Fanning
70.3%
2000
Julie Walters
69.5%
1996*
Lauren Bacall
67.2%
2009
Diane Kruger
66.4%
1998
Lynn Redgrave
65.3%
2004
Sophie Okonedo
62.9%
2003
Maria Bello
62.2%
1998
Brenda Blethyn
59.5%
1998
Rachel Griffiths
59.5%
2006
Rinko Kikuchi
58.7%
2006
Adriana Barraza
56.4%
1995
Mare Winningham
47.1%
2004
Cloris Leachman
47.1%
1996
Marisa Tomei
38.6%
1995
Anjelica Huston
35.5%
1996
Gwen Verdon
20.8%
1995
Stockard Channing
19.7%
1997
Alison Elliott
17%
Quiz Playlist
Details
Report
Send in Message
Add To Playlist
Classic:
Type in answers that appear in a list
Last Updated: Feb 16, 2017
Quiz Scoreboard
CHALLENGE
Sign Up to Join the Scoreboard
Show All
Scores
Hide
Comments
May contain spoilers
Recently Published
Holiday 10x10 Sorting Gallery
by lukepisani3
Holiday
15m
Two Season TV Shows II
by 123Four
Television
10m
Image Sorting: Flags VI
by Barbecue
Geography
2m
More to Explore
Quiz From the Vault
Featured Blog Post
14 Easter Pick-up Lines to Find Eggs With
hide this ad
You Might Also Like...
Tags
Actress Quiz
Nominee Quiz
SAG
Supporting
Supporting Actress
Today's Top Quizzes in Movies
Browse Movies
hide this ad
Today's Top Quizzes in Nominee
Browse Nominee
Top Contributed Quizzes in Movies
1
The ultimate James Bond movie quiz
2
Find The 'Big' Movie
3
Find The 'Wild' Movie
4
Find The 'Blue' Movie
5
Movies By Plot
6
Hidden Star Wars Character II
7
Hidden Star Wars Character III
8
25 Best Actor Nominees (1990s)
9
Hidden Star Wars Character IV
10
Pick 5 Posters: Directed by Spielberg
Explore More
Trending Topics
Harry Potter
Kpop
Marvel
Anime
Disney
Crossword
NBA
Song
Soccer
WWE
Puzzle
NFL
Country
Pokémon
The Office
hide this ad
More By:
kj315
Quiz
Plays
Rating
Category
Featured
Created
SAG Awards Nominees
682
4.00
Movies
Sep 18, 2012
SAG Nominees Best Actress
561
4.00
Movies
Sep 19, 2012
SAG Awards Best Supporting Actor Nominees
508
4.00
Movies
Sep 23, 2012
SAG Best Supporting Actress Nominees
259
Movies
Sep 20, 2012
Film Festival Winners
190
2.50
Movies
Sep 16, 2012
Go to Creator's Profile
Score Distribution
Quiz Creator Spotlight
kj315
Follow
Send a Message
Quizzes Created
-
Created Quiz Play Count
-
More By This Creator
Popular Quizzes Today
1
Find the US States - No Outlines Minefield
2
Colored Red Africa Blitz
3
Find the 'City' Movie
4
The Countries of the World
5
5x2 Blitz: Bands
6
Find the Countries of Europe - No Outlines Minefield
7
Find the US States
8
US States
More Movies Quizzes
A Categorically Oscar Winning Quiz
Editor's Pick
Trending Quizzes
Colored Red Europe Blitz I
Colored Red Africa Blitz II
Colored Red Europe Blitz II
Even More Two Season TV Shows
Colored Red Africa Blitz III
Recently Updated
Odd Team Out - Big 4 Players
pecheneg
Quick Pick: 20 Twenties
pecheneg
March Madness Men's Triple Doubles
pecheneg
How Do You Spell That?
pecheneg
Godzilla Movies
pecheneg
Grab Bag: 4-10 Letters
pecheneg
2024 March Madness Bracket
pecheneg
Famous TV Couples
Peacemaker
Champions League XIs: Real Madrid
pecheneg
Largest US Cities 1790-2010
pecheneg
Trending Topics
Harry Potter
Crossword
NBA
Anime
Disney
Kpop
Marvel
Soccer
Pokémon
Country
Song
The Office
NFL
Puzzle
WWE
Your Account Isn't Verified!
In order to create a playlist on Sporcle, you need to verify the email address you used during registration. Go to your
Sporcle Settings
to finish the process.
Report this User
Report this user for behavior that violates our
Community Guidelines
.
Details:
Send Report
Go to the Sporcle.com Mobile Site →
Comments